Natural Resource Management of Water and Land /

Enregistré dans:
Détails bibliographiques
Autres auteurs: Edward O. Gangstad, N/a
Format: Sách giấy
Langue:English
Publié: New York : Van Nostrand Reinhold, 1990
Tags: Ajouter un tag
Pas de tags, Soyez le premier à ajouter un tag!
Thư viện lưu trữ: Thư viện Trường Đại học Đà Lạt
LEADER 00615nam a2200253 4500
001 DLU020000795
005 ##1/4/1999
020 # # |a 0-442-00481-8 
041 # # |a eng 
082 # # |a 333.7  |b Nat 
245 # # |a Natural Resource Management of Water and Land /  |c O. Gangstad Edward, n/a 
260 # # |a New York :  |b Van Nostrand Reinhold,  |c 1990 
300 # # |a X, 192 tr.;  |c 24 cm. 
700 # # |a Edward O. Gangstad 
700 # # |a N/a 
992 # # |a 319000 
994 # # |a DLU 
900 # # |a False 
911 # # |a Administrator 
925 # # |a G 
926 # # |a A 
927 # # |a SH 
980 # # |a Thư viện Trường Đại học Đà Lạt